Leisure : a suburban study /

Bibliographic Details
Main Author: Lundberg, George Andrew, 1895-1966
Other Authors: Komarovsky, Mirra, 1905-1999, McInerny, Mary Alice
Format: Book
Language:English
Published: New York : Columbia University Press, 1934.
Subjects:

MARC

Tag First Indicator Second Indicator Subfields
LEADER 00000cam a2200000 4500
001 in00000066685
005 20210515063625.0
008 730123s1934 nyuab b 00000 eng u
010 |a  34027255  
035 |a (OCoLC)00544906 
035 |9 AAG3188AM 
040 |c CSU  |d OCL  |d TXA  |d UtOrBLW 
049 |a TXAM  |c [184517] 
050 0 |a HN79.N4  |b L9 
082 0 |a 309.17427 
092 |a 309.1  |b L962 
100 1 |a Lundberg, George Andrew,  |d 1895-1966. 
245 1 0 |a Leisure :  |b a suburban study /  |c by George A. Lundberg, Mirra Komarovsky [and] Mary Alice McInerny. 
264 1 |a New York :  |b Columbia University Press,  |c 1934. 
300 |a xiv, 396p :  |b illustrations(maps)diagrams ;  |c 24cm. 
336 |a text  |b txt  |2 rdacontent 
337 |a unmediated  |b n  |2 rdamedia 
338 |a volume  |b nc  |2 rdacarrier 
500 |a A study in the use of leisure time as exemplified in Westchester County, N.Y. 
504 |a "Selected bibliography": pages [387]-389. 
650 0 |a Amusements  |z New York (State)  |z Westchester County. 
650 0 |a Suburban life. 
650 0 |a Leisure. 
651 0 |a Westchester County (N.Y.)  |x Social conditions. 
700 1 |a Komarovsky, Mirra,  |d 1905-1999. 
700 1 |a McInerny, Mary Alice. 
999 |a MARS 
999 f f |s 46e8873f-f8c4-3b78-a52e-1dd1ba992e72  |i f65fe997-950e-3375-aa1a-319ba7702f17  |t 0 
952 f f |p ric  |a Texas A&M University  |b Rellis Campus  |c Joint Library Facility  |d Remote Storage  |t 0  |e HN79.N4 L9  |h Library of Congress classification  |i unmediated -- volume  |m A14800648407 
998 f f |a HN79.N4 L9  |t 0  |l Remote Storage